| 000 | 00612nam a2200205Ia 4500 | ||
|---|---|---|---|
| 008 | 240729s9999 xx 000 0 und d | ||
| 022 | _a1687-1812 | ||
| 245 | 0 | _aFixed Point Theory and Applications | |
| 260 | _aUnited Kingdom | ||
| 260 | _bSpringerOpen | ||
| 650 | _a Analysis | ||
| 650 | _a Applied mathematics. Quantitative methods | Science | ||
| 650 | _a Industrial engineering. Management engineering | ||
| 650 | _a Mathematics | ||
| 650 | _a Technology (General) | ||
| 650 | _aTechnology | ||
| 856 | _uhttps://doaj.org/toc/e07a465e090d4f9e927ae0534e726ce2 | ||
| 942 | _2ddc | ||
| 942 | _cDOAJEJ | ||
| 999 |
_c68679 _d68679 |
||
| 945 |
_a1 _bMadushi Gamage _c1 _dMadushi Gamage |
||